| 000 | 00794nam a2200217 4500 | ||
|---|---|---|---|
| 010 | _a978231 | ||
| 020 | _c60.00 | ||
| 035 | _a978231 | ||
| 037 | _bCen Lib / Ret | ||
| 040 |
_aDPL _bEN |
||
| 082 |
_a230.22 _bPUR |
||
| 245 |
_aVisnu purana : _ba system of hindu mythology and tradition / _ctranslated from the original sanskrit and illustrated by notes derived chiefly from other Puranas by H. H. Wilson |
||
| 260 |
_aDelhi _bNAG Publishers _c1980 |
||
| 270 |
_a8-A/U. A-3, Jawahar nagar _bDelhi |
||
| 300 |
_a(v 2. 965p) _b24cm(Hb) |
||
| 650 | _aPuranas. -- Viṣṇupurāṇa -- Criticism, interpretation, etc. | ||
| 650 | _aHinduism -- Social aspects. | ||
| 650 | _aPuranas. -- Viṣṇupurāṇa. | ||
| 700 | _aWilson, H. H. | ||
| 942 |
_2ddc _cEN _h230.22 _mPUR |
||
| 999 |
_c136742 _d136742 |
||